000 00759nam a2200217 a 4500
001 BRCA_6343
005 20190321142924.0
008 160811s1850----fr-ac#####---#000-0#fre-#
041 _afre
044 _afr
050 4 _b.F79 1850
100 1 _aFry, Élisabeth
_d1780-1845
_915905
245 1 0 _aVie d´Elisabeth Fry
_bextraite des Mémoires publiés par deux de ses filles enrichie de matériaux inédits, par l´auteur des biographies d´Albert de Haller, Jean-Gaspard Lavater, etc.
260 _aParís
_b[Beroud et Susanne Guers]
_c1850
300 _a643 p.
_bil., retrato
_c24 cm.
500 _aIncluye un retrato de Elisabeth Fry
500 _aEstado físico: manchas en la portada
500 _aK111
_vBiografía
902 _aGFM
942 _2lcc
_cB
999 _c6029
_d6029